Map of educational research: A survey of salient research for those engaged in the practice of education (Record no. 1366003)

MARC details
000 -LEADER
fixed length control field 00748nam a2200205Ia 4500
005 - DATE AND TIME OF LATEST TRANSACTION
control field 20250508160658.0
008 - FIXED-LENGTH DATA ELEMENTS--GENERAL INFORMATION
fixed length control field 008 250505s9999 xx 000 0 eng d
037 ## - SOURCE OF ACQUISITION
Stock number Books to be hide in OPAC
040 ## - CATALOGING SOURCE
Original cataloging agency FEDL
Language of cataloging eng
Transcribing agency FEDL
041 ## - LANGUAGE CODE
Language code of text/sound track or separate title eng
Source of code eng
084 ## - COLON CLASSIFICATION NUMBER
Classification number 001.4, THO
Assigning agency FEDL
100 ## - MAIN ENTRY--PERSONAL NAME
Personal name Thouless Robert H
245 #0 - TITLE STATEMENT
Title Map of educational research: A survey of salient research for those engaged in the practice of education
245 #0 - TITLE STATEMENT
Statement of responsibility, etc. National Foundation for Educational Research in England and Wales
260 ## - PUBLICATION, DISTRIBUTION, ETC.
Place of publication, distribution, etc. London, UK
Name of publisher, distributor, etc. National Foundation for Educational Research in England and Wales
Date of publication, distribution, etc. 1969
300 ## - PHYSICAL DESCRIPTION
Extent xi, 331p
650 ## - SUBJECT ADDED ENTRY--TOPICAL TERM
Topical term or geographic name entry element Educational Research
942 ## - ADDED ENTRY ELEMENTS (KOHA)
Koha item type Books to be hide in OPAC
Classification part 001.4, THO
Holdings
Withdrawn status Lost status Damaged status Not for loan Home library Current library Date acquired Total Checkouts Full call number Barcode Date last seen Price effective from Koha item type
        Department of Education Library Department of Education Library 2025-05-08   001.4, THO EL0052611 2025-05-08 2025-05-08 Books to be hide in OPAC
Copyright @ Delhi University Library System